Calculus / (Record no. 16764)

MARC details
000 -LEADER
fixed length control field 01151cam a2200349 i 4500
001 - CONTROL NUMBER
control field 16449711
003 - CONTROL NUMBER IDENTIFIER
control field EG-ScBUE
005 - DATE AND TIME OF LATEST TRANSACTION
control field 20241007104005.0
008 - FIXED-LENGTH DATA ELEMENTS--GENERAL INFORMATION
fixed length control field 100908t2012 caua f b 001 0 eng d
020 ## - INTERNATIONAL STANDARD BOOK NUMBER
International Standard Book Number 0538498846
020 ## - INTERNATIONAL STANDARD BOOK NUMBER
International Standard Book Number 9780538498845
040 ## - CATALOGING SOURCE
Original cataloging agency EG-ScBUE
Language of cataloging eng
Description conventions rda
Transcribing agency EG-ScBUE
Modifying agency EG-ScBUE
082 04 - DEWEY DECIMAL CLASSIFICATION NUMBER
Edition number 22
Classification number 515
Item number STE
100 1# - MAIN ENTRY--PERSONAL NAME
Personal name Stewart, James,
Dates associated with a name 1941-
Relator term author.
9 (RLIN) 30110
245 10 - TITLE STATEMENT
Title Calculus /
Statement of responsibility, etc James Stewart, McMaster University and University of Toronto.
250 ## - EDITION STATEMENT
Edition statement Seventh edition.
250 ## - EDITION STATEMENT
Edition statement Metric version.
264 #1 - PUBLICATION, DISTRIBUTION, ETC. (IMPRINT)
Place of publication, distribution, etc Belmont, CA :
Name of publisher, distributor, etc Brooks/Cole, Cengage Learning,
Date of publication, distribution, etc [2012]
264 #4 - PUBLICATION, DISTRIBUTION, ETC. (IMPRINT)
Date of publication, distribution, etc c2012
300 ## - PHYSICAL DESCRIPTION
Extent xxviii, 1194, 146 pages :
Other physical details color illustrations ;
Dimensions 26 cm
336 ## - CONTENT TYPE
Source rdacontent
Content type term text
Content type code txt
337 ## - MEDIA TYPE
Media type term unmediated
Source rdamedia
Media type code n
338 ## - CARRIER TYPE
Carrier type term volume
Carrier type code nc
Source rdacarrier
500 ## - GENERAL NOTE
General note Includes Appendices.<br/>
504 ## - BIBLIOGRAPHY, ETC. NOTE
Bibliography, etc Includes bibliographical references and index.<br/>
650 #7 - SUBJECT ADDED ENTRY--TOPICAL TERM
Topical term or geographic name as entry element Calculus
Form subdivision Textbooks.
Source of heading or term BUEsh
9 (RLIN) 30111
653 ## - INDEX TERM--UNCONTROLLED
Arrived date list June2012
655 ## - INDEX TERM--GENRE/FORM
Form subdivision Reading book
942 ## - ADDED ENTRY ELEMENTS (KOHA)
Source of classification or shelving scheme Dewey Decimal Classification
Koha item type Book - Borrowing
Holdings
Withdrawn status Lost status Source of classification or shelving scheme Damaged status Not for loan Collection code Home library Current library Shelving location Date acquired Source of acquisition Cost, normal purchase price Serial Enumeration / chronology Total Checkouts Total Renewals Full call number Barcode Date last seen Date checked out Price effective from Koha item type Checked out
    Dewey Decimal Classification     Donation-Gift Central Library Central Library First floor 13/06/2012 Donation 180.00 15289 8 27 515 STE 000026818 15/07/2025 18/05/2024 13/06/2012 Book - Borrowing  
    Dewey Decimal Classification     Donation-Gift Central Library Central Library First floor 13/06/2012 Donation 180.00 15289 10 103 515 STE 000026819 15/07/2025 27/09/2023 13/06/2012 Book - Borrowing  
    Dewey Decimal Classification     Baccah Central Library Central Library First floor 24/09/2012 Purchase 180.00 3     515 STE 000027326 15/07/2025   24/09/2012 NB - Book (Non borrowing)  
    Dewey Decimal Classification     Baccah Central Library Central Library First floor 24/09/2012 Purchase 180.00 3 9 121 515 STE 000027327 15/07/2025 03/10/2023   Book - Borrowing  
    Dewey Decimal Classification     Baccah Central Library Central Library First floor 24/09/2012 Purchase 180.00 3 8 43 515 STE 000027328 15/07/2025 24/10/2023 24/09/2012 Book - Borrowing  
    Dewey Decimal Classification     Baccah Central Library Central Library First floor 24/09/2012 Purchase 180.00 3 11 14 515 STE 000027329 15/07/2025 17/10/2017 24/09/2012 Book - Borrowing  
    Dewey Decimal Classification     Baccah Central Library Central Library First floor 24/09/2012 Purchase 180.00 3 6 84 515 STE 000027330 15/07/2025 02/11/2017 24/09/2012 Book - Borrowing  
    Dewey Decimal Classification     Baccah Central Library Central Library First floor 24/09/2012 Purchase 180.00 3 8 26 515 STE 000027331 15/07/2025 02/05/2017 24/09/2012 Book - Borrowing  
    Dewey Decimal Classification     Baccah Central Library Central Library First floor 24/09/2012 Purchase 180.00 3 8 58 515 STE 000027332 28/09/2022 28/09/2022 24/09/2012 Book - Borrowing 25/10/2022
    Dewey Decimal Classification     Baccah Central Library Central Library First floor 24/09/2012 Purchase 180.00 3 6 91 515 STE 000027333 15/07/2025 25/09/2018 24/09/2012 Book - Borrowing